| 000 | 00412nam a2200157 4500 | ||
|---|---|---|---|
| 001 | 109586 | ||
| 003 | ES-MaACL | ||
| 005 | 20230906184854.0 | ||
| 007 | t| | ||
| 008 | 061121s1917 pn r ||||1| spa d | ||
| 100 | 1 |
_aOller, José. _986908 |
|
| 245 | 1 | 0 |
_aLienzos _b: (prosas) / _cJosé Oller. |
| 260 |
_aPanamá : _b[s.n.], _c1917 ( _fTip. Moderna) |
||
| 300 |
_a112 p. ; _c19 cm. |
||
| 852 |
_aES-MaACL _jF-7233 |
||
| 999 |
_c109586 _d109586 |
||